Województwa wg liczby ludności - Statystyki

Ogólne statystyki
  • Ten quiz został rozwiązany 288 razy
  • Średni wynik to 7 z 16
Statystyki odpowiedzi
Liczba mieszkańców Nazwa województwa % Poprawnych
986506 opolskie
85%
5403412 mazowieckie
73%
1014548 lubuskie
63%
4533565 śląskie
62%
3493969 wielkopolskie
54%
1181533 podlaskie
48%
3400577 małopolskie
45%
1241546 świętokrzyskie
40%
2901225 dolnośląskie
38%
1428983 warmińsko-mazurskie
31%
2333523 pomorskie
30%
2466322 łódzkie
28%
1701030 zachodniopomorskie
25%
2117619 lubelskie
21%
2129015 podkarpackie
21%
2077775 kujawskopomorskie
20%
Nie znaleziono quizów pasujących do podanych kryteriów
Rozkład punktacji
Procent ludzi z każdym wynikiem
Percentyl według liczby udzielonych odpowiedzi
Twoja historia wyników
Nie rozwiązałeś tego quizu